Largest Cities in Normandy - Statistics

General Stats
  • This quiz has been taken 155 times
  • The average score is 5 of 10
Answer Stats
Population City % Correct
106,230 Caen
97%
168,290 Le Havre
96%
112,321 Rouen
92%
28,241 Dieppe
53%
46,349 Evreux
53%
25,870 Alencon
40%
78,549 Cherbourg-en-Cotentin
33%
29,068 Sotteville-les-Rouen
9%
28,352 Saint-Etienne-du-Rouvray
8%
25,963 Le Grand-Quevilly
3%
No matching quizzes found
Score Distribution
Percent of People with Each Score
Percentile by Number Answered
Your Score History
You have not taken this quiz